00301nam a2200133Ia 45000030006000000080041000060400015000471000017000622450033000792500017001122600009001295460012001380050017001500STCL150530s9999 xx 000 0 und d aSTCLcSTCL aHugh Dalton. aPrinciples of public finance aTwenty Fifth c1966 aEnglish20220125165543.0